| 000 | 00492nam a2200169Ia 4500 | ||
|---|---|---|---|
| 005 | 20250311141807.0 | ||
| 008 | 231217s9999 xx 000 0 und d | ||
| 020 | _a8178810557 | ||
| 082 | _a338.43629222 MAN.2;1 R | ||
| 100 | _aMantravadi, Pramod M. | ||
| 245 | 0 | _aAutomobile sector V.II : Escorts, Hero Honda Motor Company, Mahindra and Mahindra | |
| 260 |
_c2002 _bIcfai _aHyderabad |
||
| 300 | _axii, 196 | ||
| 400 | _aCase study series | ||
| 650 | _aAutomobile,V.II | ||
| 942 | _cAA | ||
| 999 |
_c186785 _d186785 |
||